The tax summit from below : the people's tax mobilisation /

Saved in:
Bibliographic Details
Corporate Author: Coalition Against Poverty and Unemployment (Melbourne, Vic.)
Format: Book
Language:English
Published: West Melbourne : Coalition Against Poverty and Unemployment, [1985]
Subjects:
LEADER 00949nam a2200229 a 4500
001 c000407875
003 CARM
005 00000000000000.0
008 s1985 vraa 00010 eng d
019 1 |a 7979070 
040 |a VDU  |c VDU 
043 |a u-at--- 
082 0 4 |a 336.2050994  |2 20 
245 0 4 |a The tax summit from below :  |b the people's tax mobilisation /  |c [prepared on behalf of the Coalition Against Poverty and Unemployment] 
260 |a West Melbourne :  |b Coalition Against Poverty and Unemployment,  |c [1985] 
300 |a 9, [22] p. :  |b ill. ;  |c 30 cm. 
500 |a Cover title. 
650 0 |a Taxation  |z Australia  |x Public opinion. 
710 2 |a Coalition Against Poverty and Unemployment (Melbourne, Vic.) 
852 8 |b CARM  |h A3:AG26C0  |i F08286  |p 0584708  |f BK 
999 f f |i 751f595b-7313-5790-9155-759c65643fa2  |s e3b885ed-c5d5-5654-8d96-374b4f59b8ab 
952 f f |p Can circulate  |a CAVAL  |b CAVAL  |c CAVAL  |d CARM 1 Store  |e F08286  |f A3:AG26C0  |h Other scheme  |i book  |m 0584708